[Event "Ruhrgebiet Verbandsklasse Gruppe 3 1819"]
[Site "Nordrheinwestfalen"]
[Date "2018.12.02"]
[Round "4.4"]
[White "Hustert, Dirk"]
[Black "Wallhof, Dieter"]
[Result "1-0"]
[WhiteElo "2035"]
[BlackElo "1867"]
[PlyCount "89"]
[EventDate "2018.09.23"]
[EventType "team-tourn"]
[EventRounds "9"]
[EventCountry "GER"]
[SourceTitle "EXT 2022"]
[Source "ChessBase"]
[SourceDate "2021.10.06"]
[SourceVersion "1"]
[SourceVersionDate "2021.10.06"]
[SourceQuality "1"]
[WhiteTeam "Witten"]
[BlackTeam "Welper SV II"]
[WhiteTeamCountry "GER"]
[BlackTeamCountry "GER"]

1. d4 Nf6 2. c4 g6 3. Nc3 d5 4. Nf3 Bg7 5. Bf4 0-0 6. e3 c5 7. dxc5 Qa5 8. Nd2 dxc4 9. Bxc4 Qxc5 10. 0-0 Nh5 11. Nce4 Qb6 12. Bg5 Nc6 13. Bb3 Qc7 14. Nc3 Bxc3 15. bxc3 Qa5 16. Bh6 Ng7 17. Qc2 Qh5 18. Bf4 Be6 19. Qb2 b6 20. Bd1 Qf5 21. Be2 Na5 22. c4 Rac8 23. Rac1 g5 24. Be5 f6 25. Bd4 Bf7 26. Qa3 Qd7 27. Rfd1 Ne6 28. Nb3 Nxb3 29. axb3 Qc7 30. Bg4 h5 31. Bf5 Rcd8 32. b4 Ng7 33. Bd3 e5 34. Bb2 Qe7 35. c5 bxc5 36. bxc5 Qc7 37. Bc3 Rd7 38. c6 Rd5 39. e4 Rxd3 40. Rxd3 Be6 41. Ba5 Qf7 42. c7 Bc8 43. Rd8 Ne6 44. Rcd1 Nd4 45. Rb1 1-0

[Event "Ruhrgebiet Verbandsklasse Gruppe 3 1819"]
[Site "Nordrheinwestfalen"]
[Date "2018.10.07"]
[Round "2.4"]
[White "Wallhof, Dieter"]
[Black "Schulz, Hartmut"]
[Result "0-1"]
[WhiteElo "1866"]
[BlackElo "2025"]
[PlyCount "78"]
[EventDate "2018.09.23"]
[EventType "team-tourn"]
[EventRounds "9"]
[EventCountry "GER"]
[SourceTitle "EXT 2022"]
[Source "ChessBase"]
[SourceDate "2021.10.06"]
[SourceVersion "1"]
[SourceVersionDate "2021.10.06"]
[SourceQuality "1"]
[WhiteTeam "Welper SV II"]
[BlackTeam "Brambauer"]
[WhiteTeamCountry "GER"]
[BlackTeamCountry "GER"]

1. Nf3 d5 2. g3 c6 3. Bg2 Bg4 4. Ne5 Bh5 5. d4 e6 6. c3 Nd7 7. Nxd7 Qxd7 8. Be3 Nf6 9. f3 h6 10. Nd2 Be7 11. b4 0-0 12. h4 Qc7 13. f4 b6 14. Bf3 Bg4 15. Nb3 h5 16. 0-0 Rac8 17. a4 Nd7 18. Bxg4 hxg4 19. Kg2 f5 20. Qd2 Nf6 21. a5 Ne4 22. Qb2 Rb8 23. Rfc1 c5 24. Nd2 Nf6 25. Qa2 Rfc8 26. bxc5 bxc5 27. Rcb1 c4 28. Rxb8 Rxb8 29. a6 Qc6 30. Rb1 Rb6 31. Rxb6 Qxb6 32. Nb1 Qb5 33. Bc1 Nd7 34. Ba3 Qxa6 35. Qb2 Bxa3 36. Nxa3 Qb6 37. Qa1 Qb3 38. Nb1 Nf6 39. Kf1 Qd1+ 0-1

[Event "Ruhrgebiet Verbandsklasse Gruppe 1 1718"]
[Site "Germany"]
[Date "2018.03.18"]
[Round "8.5"]
[White "Wallhof, Dieter"]
[Black "Kuckelkorn, Joerg"]
[Result "0-1"]
[WhiteElo "1887"]
[BlackElo "1845"]
[PlyCount "108"]
[EventDate "2017.09.17"]
[EventType "team-tourn"]
[EventRounds "9"]
[EventCountry "GER"]
[SourceTitle "EXT 2022"]
[Source "ChessBase"]
[SourceDate "2021.10.06"]
[SourceVersion "1"]
[SourceVersionDate "2021.10.06"]
[SourceQuality "1"]
[WhiteTeam "Welper SV II"]
[BlackTeam "Oberhausen SW"]
[WhiteTeamCountry "GER"]
[BlackTeamCountry "GER"]

1. d4 f5 2. Bg5 g6 3. e3 Bg7 4. h4 Nc6 5. Nc3 d5 6. Qf3 Be6 7. Bb5 Qd7 8. Nge2 Bf7 9. Na4 0-0-0 10. Nc5 Qd6 11. c3 Re8 12. Bf4 e5 13. Bh2 Nf6 14. Bxc6 Qxc6 15. Bxe5 Rxe5 16. dxe5 Ne4 17. Nb3 Bxe5 18. Ned4 Qd7 19. Qd1 f4 20. Nf3 Bd6 21. exf4 Bxf4 22. 0-0 g5 23. Qd4 Rg8 24. Qxa7 Kd8 25. Rfe1 Qg4 26. Rxe4 dxe4 27. Rd1+ Bd6 28. Rd4 gxh4 29. Ne1 Qh3 30. Rxd6+ cxd6 31. Qxb7 Qd7 32. Qxe4 Qe7 33. Qa8+ Kd7 34. Qa4+ Kd8 35. Nf3 h3 36. g3 Qb7 37. Qh4+ Ke8 38. Nbd4 Bd5 39. Qh5+ Kd8 40. Ng5 Qxb2 41. Nge6+ Bxe6 42. Nxe6+ Kc8 43. Qxh3 Qxc3 44. Nf4+ Kb8 45. Qe6 Rd8 46. Qe2 Qe5 47. Qc2 Rc8 48. Qb3+ Ka8 49. Nd5 Rc1+ 50. Kg2 Qe4+ 51. f3 Rc2+ 52. Kh3 Qe6+ 53. Kh4 Rh2+ 54. Kg5 h6+ 0-1

[Event "Ruhrgebiet Verbandsklasse Gruppe 1 1718"]
[Site "Germany"]
[Date "2017.09.17"]
[Round "1.5"]
[White "Wallhof, Dieter"]
[Black "Schaedlich, Andreas"]
[Result "1-0"]
[WhiteElo "1858"]
[BlackElo "1864"]
[PlyCount "69"]
[EventDate "2017.09.17"]
[EventType "team-tourn"]
[EventRounds "9"]
[EventCountry "GER"]
[SourceTitle "EXT 2022"]
[Source "ChessBase"]
[SourceDate "2021.10.06"]
[SourceVersion "1"]
[SourceVersionDate "2021.10.06"]
[SourceQuality "1"]
[WhiteTeam "Welper SV II"]
[BlackTeam "Bergeborbeck Wacker"]
[WhiteTeamCountry "GER"]
[BlackTeamCountry "GER"]

1. b3 d5 2. e3 Nf6 3. Bb2 e6 4. f4 Nbd7 5. Nf3 b6 6. Bb5 Be7 7. Ne5 0-0 8. Nc6 Qe8 9. 0-0 a6 10. Be2 Bd6 11. d4 Bb7 12. Ne5 Qe7 13. a4 c5 14. Nd2 Ne4 15. Nxd7 Qxd7 16. Bd3 Rac8 17. Bxe4 dxe4 18. Nc4 Qc7 19. Nxd6 Qxd6 20. Qg4 f6 21. dxc5 bxc5 22. Rfd1 Qe7 23. Rd2 Rcd8 24. Rad1 Bc8 25. Ba3 Rxd2 26. Rxd2 e5 27. f5 Bb7 28. Qd1 Bc8 29. Rd5 Re8 30. Bxc5 Qf7 31. Rd6 Bxf5 32. Rxa6 Bc8 33. Rd6 f5 34. Rd8 Bb7 35. Rd7 1-0

[Event "Ruhrgebiet Verbandsliga Gruppe 2 1617"]
[Site "Germany"]
[Date "2017.03.12"]
[Round "8.6"]
[White "Mittelbachert, Ulrich"]
[Black "Wallhof, Dieter"]
[Result "1-0"]
[WhiteElo "1880"]
[BlackElo "1834"]
[PlyCount "99"]
[EventDate "2016.09.04"]
[EventType "team-tourn"]
[EventRounds "9"]
[EventCountry "GER"]
[SourceTitle "EXT 2022"]
[Source "ChessBase"]
[SourceDate "2021.10.06"]
[SourceVersion "1"]
[SourceVersionDate "2021.10.06"]
[SourceQuality "1"]
[WhiteTeam "Sodingen/Castrop SK II"]
[BlackTeam "Welper SV II"]
[WhiteTeamCountry "GER"]
[BlackTeamCountry "GER"]

1. b4 e5 2. Bb2 Bxb4 3. Bxe5 Nf6 4. c4 Nc6 5. Bb2 0-0 6. e3 Re8 7. Nf3 d6 8. Be2 h6 9. 0-0 Bf5 10. a3 Ba5 11. Nc3 Ne4 12. Nxe4 Bxe4 13. d3 Bf5 14. Qb3 Rb8 15. h3 Ne7 16. Nd4 Bd7 17. Rab1 c5 18. Nb5 Nc8 19. Nc3 a6 20. a4 Nb6 21. Ba1 Bc6 22. e4 Rf8 23. Bd1 f5 24. Qb2 Qe7 25. Nd5 Nxd5 26. cxd5 Bd7 27. e5 Bc7 28. e6 Be8 29. f4 b5 30. Qa2 b4 31. Qc4 a5 32. Bb3 Kh7 33. Rbc1 Bg6 34. Kh2 Bb6 35. Qc2 Kh8 36. Bc4 Rg8 37. Qe2 Rgf8 38. Bb2 Be8 39. Qd1 Bg6 40. Bb3 Rbc8 41. Qd2 Rc7 42. Rc4 Rfc8 43. Bd1 Rf8 44. Bf3 Rb7 45. Qd1 Kh7 46. Qe1 Rfb8 47. Bd1 Kh8 48. Bb3 Rc7 49. Rg1 Rg8 50. Qf2 1-0

[Event "Herne op 5th"]
[Site "Herne"]
[Date "2016.05.26"]
[Round "2"]
[White "Ozerov, Ilja"]
[Black "Wallhof, Dieter"]
[Result "1-0"]
[WhiteElo "2194"]
[BlackElo "1926"]
[PlyCount "59"]
[EventDate "2016.05.25"]
[EventType "swiss"]
[EventRounds "7"]
[EventCountry "GER"]
[SourceTitle "CBM 172 Extra"]
[Source "ChessBase"]
[SourceDate "2016.06.21"]
[SourceVersion "1"]
[SourceVersionDate "2016.06.21"]
[SourceQuality "1"]

1. f4 d5 2. Nf3 c6 3. d3 Nf6 4. g3 g6 5. Bg2 Qb6 6. e3 Bg7 7. Nc3 Nbd7 8. h3 0-0 9. 0-0 Nc5 10. Kh2 Qc7 11. Qe2 b6 12. Bd2 a5 13. Rae1 Ba6 14. Qd1 Rad8 15. Rg1 Ne8 16. d4 Ne6 17. Ne5 Bb7 18. Bc1 Nd6 19. Qf3 f6 20. Nd3 Nf5 21. Nd1 c5 22. c3 c4 23. N3f2 Nd6 24. g4 f5 25. Kh1 fxg4 26. hxg4 Rf7 27. Nh3 Rdf8 28. Ndf2 b5 29. Qe2 h6 30. e4 1-0

[Event "Ruhrgebiet Regionalliga 1516"]
[Site "Germany"]
[Date "2016.03.13"]
[Round "7.8"]
[White "Siebert, Martin"]
[Black "Wallhof, Dieter"]
[Result "1-0"]
[WhiteElo "1973"]
[BlackElo "1821"]
[PlyCount "33"]
[EventDate "2015.09.13"]
[EventType "team-tourn"]
[EventRounds "9"]
[EventCountry "GER"]
[SourceTitle "EXT 2022"]
[Source "ChessBase"]
[SourceDate "2021.10.06"]
[SourceVersion "1"]
[SourceVersionDate "2021.10.06"]
[SourceQuality "1"]
[WhiteTeam "Brackel SF"]
[BlackTeam "Welper SV"]
[WhiteTeamCountry "GER"]
[BlackTeamCountry "GER"]

1. e4 Nf6 2. e5 Nd5 3. c4 Nb6 4. d4 d6 5. exd6 exd6 6. Nf3 Be7 7. Bd3 Bg4 8. 0-0 Nc6 9. Be4 0-0 10. Qd3 Nb4 11. Qc3 d5 12. Ne5 Be6 13. Bxh7+ Kxh7 14. c5 a5 15. a3 Nc8 16. axb4 axb4 17. Qc2+ 1-0

[Event "Ruhrgebiet Regionalliga 1415"]
[Site "Germany"]
[Date "2014.12.21"]
[Round "4.8"]
[White "Wallhof, Dieter"]
[Black "Kindermann, Carsten"]
[Result "0-1"]
[WhiteElo "1870"]
[BlackElo "1919"]
[PlyCount "90"]
[EventDate "2014.09.28"]
[EventType "team-tourn"]
[EventRounds "9"]
[EventCountry "GER"]
[SourceTitle "EXT 2022"]
[Source "ChessBase"]
[SourceDate "2021.10.06"]
[SourceVersion "1"]
[SourceVersionDate "2021.10.06"]
[SourceQuality "1"]
[WhiteTeam "Welper SV"]
[BlackTeam "Borbeck Weisse Dame"]
[WhiteTeamCountry "GER"]
[BlackTeamCountry "GER"]

1. b3 e5 2. Bb2 Nc6 3. c4 f5 4. Nc3 Nf6 5. g3 g6 6. Bg2 Bg7 7. d3 0-0 8. e3 d6 9. Nge2 Bd7 10. 0-0 g5 11. f4 Rb8 12. Nd5 Ne7 13. Nec3 Nfxd5 14. cxd5 Ng6 15. Ne2 c6 16. Qd2 gxf4 17. exf4 Qb6+ 18. Kh1 Rbe8 19. fxe5 dxe5 20. d4 e4 21. dxc6 Bxc6 22. Nf4 Nxf4 23. Rxf4 e3 24. Qd3 Qa5 25. Bxc6 bxc6 26. Qc4+ Qd5+ 27. Qxd5+ cxd5 28. Re1 Re4 29. Rxe4 fxe4 30. Bc1 Bxd4 31. Bxe3 Bxe3 32. Rxe3 Rf2 33. a4 Kf7 34. Kg1 Rb2 35. g4 Ke6 36. Rh3 d4 37. Kf1 Ke5 38. Rxh7 d3 39. Rd7 Kf4 40. g5 Kxg5 41. Rxa7 Kf4 42. Rh7 Ke3 43. Rh3+ Kd4 44. Rh7 e3 45. Rd7+ Kc3 0-1

[Event "Ruhrgebiet Regionalliga 1112"]
[Site "Nordrheinwestfalen"]
[Date "2012.02.19"]
[Round "7.8"]
[White "Nattermueller, Irina"]
[Black "Wallhof, Dieter"]
[Result "1-0"]
[WhiteElo "2055"]
[BlackElo "1830"]
[PlyCount "65"]
[EventDate "2011.09.25"]
[EventType "team-tourn"]
[EventRounds "9"]
[EventCountry "GER"]
[SourceTitle "EXT 2020"]
[Source "ChessBase"]
[SourceDate "2019.10.17"]
[SourceVersion "1"]
[SourceVersionDate "2019.10.17"]
[SourceQuality "1"]
[WhiteTeam "Ahlen SV"]
[BlackTeam "Welper SV"]
[WhiteTeamCountry "GER"]
[BlackTeamCountry "GER"]

1. e4 e6 2. d4 d5 3. Nc3 Nf6 4. Bg5 Bb4 5. e5 h6 6. Bd2 Bxc3 7. bxc3 Ne4 8. Qg4 g6 9. h4 c5 10. Bd3 Nxd2 11. Kxd2 Nc6 12. Rh3 cxd4 13. cxd4 Qb6 14. Ne2 Qb4+ 15. Kd1 Nxe5 16. Qf4 Nxd3 17. Rxd3 Qe7 18. Nc3 Bd7 19. Qe5 f6 20. Qg3 0-0-0 21. Rb1 a6 22. Nxd5 exd5 23. Rc3+ Bc6 24. Rxc6+ bxc6 25. Rb8+ Kd7 26. Rb7+ Ke8 27. Qxg6+ Kf8 28. Rxe7 Kxe7 29. Qg7+ Ke6 30. Qb7 Kd6 31. Qxa6 Ra8 32. Qb7 Rhb8 33. Qg7 1-0

[Event "Ruhrgebiet Regionalliga 1112"]
[Site "Nordrheinwestfalen"]
[Date "2011.12.18"]
[Round "5.8"]
[White "Reisberg, Andre"]
[Black "Wallhof, Dieter"]
[Result "0-1"]
[WhiteElo "1814"]
[BlackElo "1830"]
[PlyCount "76"]
[EventDate "2011.09.25"]
[EventType "team-tourn"]
[EventRounds "9"]
[EventCountry "GER"]
[SourceTitle "EXT 2020"]
[Source "ChessBase"]
[SourceDate "2019.10.17"]
[SourceVersion "1"]
[SourceVersionDate "2019.10.17"]
[SourceQuality "1"]
[WhiteTeam "Brackel SF"]
[BlackTeam "Welper SV"]
[WhiteTeamCountry "GER"]
[BlackTeamCountry "GER"]

1. d4 Nf6 2. c4 g6 3. Nc3 Bg7 4. e4 d6 5. Nf3 0-0 6. Be2 Na6 7. 0-0 e5 8. d5 Nc5 9. Qc2 a5 10. Ne1 Bd7 11. b3 Qe7 12. Rb1 Nfxe4 13. Na4 Nxa4 14. bxa4 Nc5 15. Nd3 Bxa4 16. Qd2 Nxd3 17. Qxd3 b6 18. f4 Bd7 19. g4 exf4 20. Bxf4 Rae8 21. Rbe1 Qf6 22. Qg3 Qd4+ 23. Kh1 Be5 24. Bxe5 Rxe5 25. Qh4 Re3 26. Qf2 Qe5 27. Bd1 Rxe1 28. Rxe1 Qg5 29. h4 Qd8 30. g5 Re8 31. Rxe8+ Qxe8 32. h5 Qe5 33. Qd2 gxh5 34. Bxh5 Bf5 35. Bf3 Be4 36. Bxe4 Qxe4+ 37. Kh2 Qh4+ 38. Kg2 Qxc4 0-1

[Event "Moehnesee Cup-A 37th"]
[Site "Moehnesee"]
[Date "2011.09.04"]
[Round "6"]
[White "Wallhof, Dieter"]
[Black "Torres Kuckel, Rafael"]
[Result "0-1"]
[WhiteElo "2000"]
[BlackElo "2243"]
[PlyCount "62"]
[EventDate "2011.09.01"]
[EventType "swiss"]
[EventRounds "7"]
[EventCountry "GER"]
[SourceTitle "EXT 2013"]
[Source "ChessBase"]
[SourceDate "2012.11.22"]
[SourceVersion "1"]
[SourceVersionDate "2012.11.22"]
[SourceQuality "1"]

1. c4 f5 2. f4 Nf6 3. Nf3 g6 4. b3 Bg7 5. Bb2 0-0 6. g3 d6 7. Qc2 Qe8 8. Bg2 Nc6 9. 0-0 e5 10. fxe5 dxe5 11. a3 f4 12. gxf4 exf4 13. Nd4 Nxd4 14. Bxd4 g5 15. Nc3 Qh5 16. Qd3 c6 17. Bc5 Re8 18. h3 Be6 19. Bd6 Rad8 20. c5 Qf7 21. Rab1 h6 22. b4 Bc4 23. Qf3 Nh5 24. Rfe1 Bd4+ 25. Kh2 Ng7 26. Ne4 Nf5 27. e3 Nh4 28. Qf2 Bd3 29. exd4 Bxb1 30. Rxb1 f3 31. Be5 Rxe5 0-1

[Event "Moehnesee Cup-A 37th"]
[Site "Moehnesee"]
[Date "2011.09.01"]
[Round "1"]
[White "Pazdzior, Johann"]
[Black "Wallhof, Dieter"]
[Result "1/2-1/2"]
[WhiteElo "1804"]
[BlackElo "2000"]
[PlyCount "37"]
[EventDate "2011.09.01"]
[EventType "swiss"]
[EventRounds "7"]
[EventCountry "GER"]
[SourceTitle "EXT 2013"]
[Source "ChessBase"]
[SourceDate "2012.11.22"]
[SourceVersion "1"]
[SourceVersionDate "2012.11.22"]
[SourceQuality "1"]

1. d4 Nf6 2. Nf3 g6 3. g3 Bg7 4. Bg2 0-0 5. 0-0 d6 6. c4 Nbd7 7. Nc3 e5 8. d5 a5 9. Bg5 h6 10. Bd2 Nc5 11. Be3 b6 12. Bxc5 bxc5 13. e4 Bd7 14. a4 Qc8 15. Qe2 Bg4 16. Qd3 Bh3 17. Nb5 Bxg2 18. Kxg2 Nh5 19. h3 1/2-1/2

[Event "Ruhrgebiet Verbandsliga2 1011"]
[Site "Nordrheinwestfalen"]
[Date "2011.02.27"]
[Round "7.8"]
[White "Kraus, Tanja"]
[Black "Wallhof, Dieter"]
[Result "0-1"]
[WhiteElo "1739"]
[BlackElo "1909"]
[PlyCount "62"]
[EventDate "2010.09.12"]
[EventType "team-tourn"]
[EventRounds "9"]
[EventCountry "GER"]
[SourceTitle "EXT 2020"]
[Source "ChessBase"]
[SourceDate "2019.10.17"]
[SourceVersion "1"]
[SourceVersionDate "2019.10.17"]
[SourceQuality "1"]
[WhiteTeam "Wattenscheid SV IV"]
[BlackTeam "Welper SV"]
[WhiteTeamCountry "GER"]
[BlackTeamCountry "GER"]

1. e4 c5 2. Nf3 e6 3. c3 Nf6 4. e5 Nd5 5. d4 cxd4 6. cxd4 d6 7. Bd3 Nc6 8. a3 Qc7 9. Qe2 Nxd4 10. Qd1 Nxf3+ 11. gxf3 dxe5 12. Bd2 Be7 13. Nc3 Bd7 14. Rg1 Nf4 15. Bxf4 exf4 16. Qe2 Bf6 17. Ne4 Be5 18. Kf1 0-0 19. Kg2 Rac8 20. Rad1 Bc6 21. Rc1 Qe7 22. Kh1 h6 23. b4 Bd5 24. Nc5 b6 25. Ne4 f5 26. Nd2 Rxc1 27. Rxc1 Bb2 28. Rg1 Bc3 29. Nc4 Qb7 30. Kg2 Rf6 31. Nd6 Bxf3+ 0-1